| 000 | 01666cam a2200421Ia 4500 | ||
|---|---|---|---|
| 001 | 59598 | ||
| 005 | 20230410115643.0 | ||
| 008 | 060213s2005 ag a b 000 0 spa d | ||
| 035 | _a(OCoLC)ocm63759819 | ||
| 040 |
_aTEF _beng _cTEF _dTEF _dIQU _dUBA |
||
| 020 | _a9871013361 | ||
| 020 | _a9789871013364 | ||
| 029 | 1 |
_aNLGGC _b301198721 |
|
| 035 | _a(OCoLC)63759819 | ||
| 043 | _acl----- | ||
| 050 | 1 | 4 |
_aHF1770.5 _b.S182c 2005 |
| 245 | 0 | 0 |
_aSalvaguardias y antidumping en la liberalización comerical de América Latina : _bcombatiendo el fuego con fuego / _cJ. Michael Finger, Julio J. Nogués [coordinadores]. |
| 260 |
_aBuenos Aires : _bSiglo Veintiuno ; _aWashington, D.C. : _bWorld Bank, _c[2005] |
||
| 300 |
_a435 p. : _bill. ; _c21 cm. |
||
| 490 | 1 | _aEconomía | |
| 500 | _aAlso published in English under title: Safeguards and antidumping in Latin American trade liberalization. | ||
| 504 | _aIncludes bibliographical references. | ||
| 500 | _aErrata slip inserted. | ||
| 650 | 0 |
_aProtectionism _zLatin America. |
|
| 650 | 0 |
_aDumping (International trade) _xLaw and legislation _zLatin America. |
|
| 650 | 0 |
_aForeign trade regulation _zLatin America. |
|
| 650 | 7 |
_aProtecionismo _zAmérica latina. _2larpcal |
|
| 650 | 7 |
_aDumping. _2larpcal |
|
| 650 | 7 |
_aComércio internacional (legislacáo) _2larpcal |
|
| 650 | 7 |
_aComércio exterior (regulacáo) _zAmérica latina. _2larpcal |
|
| 700 | 1 | _aFinger, J. M. | |
| 700 | 1 | _aNogués, Julio J. | |
| 730 | 0 | _aSafeguards and antidumping in Latin American trade liberalization. | |
| 830 | 0 | _aEconomía (Siglo Veintiuno Editores) | |
| 942 |
_2lcc _cbk |
||
| 994 |
_aC0 _bDRFGD |
||
| 946 | _aLspaulino | ||
| 999 |
_c45431 _d45431 |
||